00493nam a2200193Ia 4500008004100000020001400041050001400055100001800069245002900087245005000116260001500166260001600181260000900197300001500206300002700221300001000248440003200258500000900290170918s9999 xx 000 0 und d a439564220 bP119 2003 aPackard, Mary aX-traordinary x-tremes / cMary Packard ; illustrated by Leanne Franson. aNew York : bScholastic, c2003 a86 pages : bcolored illustration ; c19cm. aRipley's believe it or not! a1140